000 00513nam a2200169 i 4500
001 71687
003 ES-MaACL
005 20230906171211.0
008 040817s1931 fr |||| | fre d
100 1 _aGermain, André.
_956465
245 1 3 _aLa révolution espagnole en vingt-cinq tableaux /
_cAndré Germain.
250 _a7ª ed.
260 _aParís :
_b[s.n.,
_c1931] (
_fImp. Moderne)
300 _a238 p. ;
_c19 cm.
651 4 _aJaca-
_xHistoria-
_y1930, Sublevación.
_9170083
852 _aES-MaACL
_jB-12552
999 _c71687
_d71687